LDR 00636naa#a2200181#i#450# 001 EN\\bibl\126802 005 20260701215540.3 011 ## _a1815-588X 100 ## _a20260630b2026####ek#y0engy0150####ca 102 ## _aRU 200 1# _aImproving of Controllability for Freight Train Pneumatic Braking System _eJournal article 210 1# _aSaint-Petersburg _cFSBEI HE "Emperor Alexander I St. Petersburg State Transport University" _d2026 215 ## _a14 с. 608 ## _aJournal article _2local 675 ## _aМоторные вагоны. 629.423.25 _z 700 #1 _aTanaev _gValeriy Faritovich 700 #1 _aRogov _gAleksandr Mihaylovich 856 4# _aatjournal.ru _u